La custodia procesional (Record no. 10945)
[ view plain ]
| 000 -CABECERA | |
|---|---|
| campo de control de longitud fija | 00993nam a22002537a 4500 |
| 001 - NÚMERO DE CONTROL | |
| campo de control | BRCA_9323 |
| 003 - IDENTIFICADOR DEL NÚMERO DE CONTROL | |
| campo de control | FranzMayer |
| 005 - FECHA Y HORA DE LA ÚLTIMA TRANSACCIÓN | |
| campo de control | 20230918120134.0 |
| 008 - DATOS DE LONGITUD FIJA--INFORMACIÓN GENERAL | |
| campo de control de longitud fija | 230823b |||||||| |||| 00| 0 eng d |
| 020 ## - NÚMERO INTERNACIONAL ESTÁNDAR DEL LIBRO | |
| Número Internacional Estándar del Libro | 8479593083 |
| 040 ## - FUENTE DE LA CATALOGACIÓN | |
| Centro catalogador/agencia de origen | MFM |
| Lengua de catalogación | esp |
| Centro/agencia transcriptor | MFM |
| 050 #0 - SIGNATURA TOPOGRÁFICA DE LA BIBLIOTECA DEL CONGRESO | |
| Número de clasificación | NK700.A74 |
| Número de documento/Ítem | .S26 2000 |
| 100 1# - ENTRADA PRINCIPAL--NOMBRE DE PERSONA | |
| Código de función/relación | Autor |
| Nombre de persona | Sanz, María Jesús |
| 9 (RLIN) | 29103 |
| 240 ## - TÍTULO UNIFORME | |
| Título uniforme | La custodia procesional |
| Medio | Enrique de Arfe y su escuela |
| Lenguaje de la obra | Español |
| 245 ## - MENCIÓN DE TÍTULO | |
| Título | La custodia procesional |
| Resto del título | Enrique de Arfe y su escuela |
| 260 ## - PUBLICACIÓN, DISTRIBUCIÓN, ETC. | |
| Lugar de publicación, distribución, etc. | Córdoba, España |
| Nombre del editor, distribuidor, etc. | Caja sur |
| Fecha de publicación, distribución, etc. | 2000 |
| 300 ## - DESCRIPCIÓN FÍSICA | |
| Extensión | 154 p |
| Otras características físicas | Ilustraciones a color |
| Dimensiones | 21 cm |
| 500 ## - NOTA GENERAL | |
| Nota general | Anexo 1 |
| 500 ## - NOTA GENERAL | |
| Nota general | El libro contiene una nota al inicio con una dedicatoria a Héctor Rivero. |
| 505 ## - NOTA DE CONTENIDO CON FORMATO | |
| Nota de contenido con formato | Texto en: españolIncluye índice temáticoIncluye bibliografía pp: 139-144Dirigido a: artistas, historiadores del arte. |
| 650 1# - PUNTO DE ACCESO ADICIONAL DE MATERIA--TÉRMINO DE MATERIA | |
| Fuente del encabezamiento o término | Artes decorativas |
| Término de materia o nombre geográfico como elemento de entrada | Historia del arte |
| Subdivisión de forma | Arte medieval |
| 9 (RLIN) | 29104 |
| 651 2# - PUNTO DE ACCESO ADICIONAL DE MATERIA--NOMBRE GEOGRÁFICO | |
| Fuente del encabezamiento o término | Arte español |
| Nombre geográfico | Enrique de Arfe |
| 9 (RLIN) | 29105 |
| 942 ## - ELEMENTOS DE PUNTO DE ACCESO ADICIONAL (KOHA) | |
| Fuente del sistema de clasificación o colocación | Library of Congress Classification |
| Tipo de ítem Koha | Libros |
| Estado de retiro | Estado de pérdida | Fuente del sistema de clasificación o colocación | Estado dañado | No para préstamo | Código de colección | Localización permanente | Ubicación/localización actual | Fecha de adquisición | Total de préstamos | Signatura topográfica completa | Código de barras | Fecha visto por última vez | Precio válido a partir de | Tipo de ítem Koha |
|---|---|---|---|---|---|---|---|---|---|---|---|---|---|---|
| El ejemplar forma parte de la colección y puede ser consultado según las políticas vigentes. | Library of Congress Classification | Fondo Contemporáneo | Biblioteca del Museo Franz Mayer (Rogerio Casas-Alatriste) | Biblioteca del Museo Franz Mayer (Rogerio Casas-Alatriste) | 23/08/2023 | NK700.A74 .S26 2000 | CONT10079 | 23/08/2023 | 23/08/2023 | Libros |